Classement Général Coupe du Monde de Football de 1930 à 2022 - Statistiques

Statistiques générales
  • Ce quiz a été pris 1 512 fois
  • Le résultat moyen est 61 sur 84
Statistiques - réponses
Réponse % Correct
France
100%
Argentine
99%
Brésil
99%
Allemagne (+ ex RFA)
98%
Espagne
97%
Italie
97%
Angleterre
95%
Maroc
93%
Portugal
93%
Uruguay
93%
Algérie
91%
Etats-Unis
91%
Japon
91%
Pays-Bas
91%
Belgique
89%
Russie
89%
Canada
88%
Australie
87%
Chine
87%
Mexique
87%
Suède
87%
Suisse
86%
Corée du Sud
85%
Croatie
85%
Pologne
85%
Colombie
84%
Sénégal
84%
Chili
83%
Norvège
82%
Tunisie
82%
Afrique du Sud
81%
Danemark
81%
Irlande
81%
Cameroun
79%
Egypte
79%
Turquie
78%
Arabie Saoudite
76%
Grèce
76%
Hongrie
76%
Qatar
75%
Autriche
74%
Pérou
74%
Ukraine
74%
Serbie
73%
Serbie-et-Monténégro
73%
Corée du Nord
72%
Equateur
72%
Nouvelle-Zélande
72%
RD Congo
72%
Costa Rica
71%
Ecosse
71%
Iran
71%
Islande
70%
Paraguay
70%
Slovaquie
70%
Slovénie
70%
Yougoslavie
70%
Côte d'Ivoire
69%
Pays de Galles
68%
URSS
68%
Ghana
66%
Nigeria
66%
Roumanie
66%
Bulgarie
65%
Bolivie
63%
Panama
63%
Irak
62%
République Tchèque
62%
Honduras
60%
Tchécoslovaquie
58%
Bosnie Herzégovine
56%
Cuba
56%
Irlande du Nord
54%
Israël
51%
Jamaïque
47%
Indonésie
44%
Togo
43%
Angola
38%
Haïti
35%
RDA
34%
Salvador
34%
Koweït
32%
Emirats Arabes Unis
24%
Trinité-et-Tobago
22%
Aucun quiz correspondant
Distribution des résultats
% des personnes avec chaque résultat
Percentile par nombre de réponses
Votre historique - résultats
Vous n’avez pas pris ce quiz